LEADER 01032nam a2200253 i 4500 001 000000162291 003 CaOOAMICUS 005 20070618000000.0 008 070618s1995 it u000 u ita u 013 $a139655 020 $a88-86423-08-X 040 $aSeMil$bita 100 1 $aRomano, Carla <1961- >.$0(OLS)http://semarc/name/42925 245 13$aUn'anima in due corpi :$bl'amicizia nella Patristica /$cCarla Romano. 260 $aPellezzano (SA) :$bDottrinari,$cstampa 1995. 300 $a303 p. ;$c21 cm. 650 4$aAmicizia.$0(OLS)http://semarc/subject/8200 650 4$aPatristica - Studi.$0(OLS)http://semarc/subject/3628 850 $aSeMil 852 $aSeMil$W1$xVenegono$y1$m1466 1 *$j113650$B113650$CSeMilBibl$Z2$F124275 $81 961 $aOmaggio: Autore 996 $6020$a88-86423-08-X$9(OLS)http://semarc/number/78431 996 $6245$aUn'anima in due corpi :$bl'amicizia nella Patristica$9(OLS)http://semarc/title/145909 996 $6260$aPellezzano (SA) :$bDottrinari$9(OLS)http://semarc/publisher/41095 LEADER 00662nam a2200181 i 4500 001 000000074525 003 CaOOAMICUS 005 20070514000000.0 008 070514n it u000 u ita u 013 $a45697 040 $aSeMil$bita 100 1 $aFoffano, Francesco.$0(OLS)http://semarc/name/8373 245 13$aIl poema cavalleresco dal 15. al 18. Secolo /$cdi Francesco Foffano. 300 $aVIII, 258 p. 773 0 $tStoria dei generi letterari italiani.$w()1517 850 $aSeMil 852 $aSeMil$W1$xVenegono$y1$m1D II 10$j40677$B40677$CSeMilBibl$Z2$F40681 $81 996 $6245$aIl poema cavalleresco dal 15. al 18. Secolo$9(OLS)http://semarc/title/120853